|
|
|
|
| LEADER |
00000nam a2200000 i 4500 |
| 001 |
DIGUNAU0158 |
| 003 |
NyNyDIG |
| 006 |
m o d |
| 007 |
cr ||||||||||| |
| 008 |
210226s2017 ck o 000 0 spa d |
| 035 |
|
|
|a (OCoLC)1240205620
|
| 040 |
|
|
|a DGITA
|b eng
|e rda
|e pn
|c DGITA
|
| 020 |
|
|
|z 9789588869810
|
| 020 |
|
|
|z 9588869811
|
| 043 |
|
|
|a s-ck---
|
| 050 |
1 |
4 |
|a BX1756.F677 ebook
|
| 082 |
0 |
4 |
|a 252.02
|
| 100 |
0 |
|
|a Francis,
|c Pope,
|d 1936-
|e author.
|
| 240 |
1 |
0 |
|a Sermons.
|k Selections (Un tal Francisco).
|l Spanish
|s (Osorio)
|
| 245 |
1 |
0 |
|a Un tal Francisco :
|b homilías y discursos por las tierras de Colombia /
|c compilación y edición, Jairo Osorio.
|
| 246 |
1 |
7 |
|a Homilías y discursos por las tierras de Colombia
|
| 246 |
3 |
|
|a Tal Francisco
|
| 264 |
|
1 |
|a [Medellín, Colombia] :
|b Ediciones UNAULA :
|b Editorial EAFIT,
|c [2017]
|
| 300 |
|
|
|a 1 online resource.
|
| 336 |
|
|
|a text
|b txt
|2 rdacontent
|
| 337 |
|
|
|a computer
|b c
|2 rdamedia
|
| 338 |
|
|
|a online resource
|b cr
|2 rdacarrier
|
| 347 |
|
|
|a text file
|2 rdaft
|
| 347 |
|
|
|b PDF
|
| 490 |
1 |
|
|a Serie Humanismo
|
| 505 |
0 |
|
|a Colombia, nación bendecida -- La paz esté con ustedes -- No se dejen robar la alegría -- Sin alegría no se atrae a nadie -- Tierra de inimaginable fecundidad -- Sí a la reconciliación -- No pierdan la paz por la cizaña -- Renovarse involucrarse -- Callejeros de la fe -- Por la defensa y protección de la vida -- El lenguaje de la caridad es comprendido por todos.
|
| 588 |
0 |
|
|a Online resource; title from PDF title page (Digitalia, viewed February 25, 2021)
|
| 600 |
0 |
0 |
|a Francis,
|c Pope,
|d 1936-
|x Travel
|z Colombia.
|
| 610 |
2 |
0 |
|a Catholic Church
|v Sermons.
|
| 650 |
|
0 |
|a Papal visits
|z Colombia.
|
| 650 |
|
0 |
|a Hope
|v Sermons.
|
| 650 |
|
0 |
|a Faith
|v Sermons.
|
| 650 |
|
0 |
|a Sermons, Spanish.
|
| 655 |
|
0 |
|a Electronic books.
|
| 700 |
1 |
|
|a Osorio G., Jairo,
|e editor.
|
| 791 |
2 |
|
|a Digitalia (Firm),
|e distributor.
|
| 793 |
0 |
|
|g Digitalia eBook Collection:
|a Ediciones UNAULA
|
| 776 |
0 |
8 |
|i Print version:
|a Francis, Pope, 1936-
|t Tal Francisco.
|b Primera edición.
|d [Medellín] : Ediciones UNAULA : Editorial EAFIT, 2017
|z 9789588869810
|w (OCoLC)1044755917
|
| 830 |
|
0 |
|a Humanismo (Medellín, Colombia)
|
| 856 |
4 |
0 |
|3 Digitalia Hispánica
|u https://www.digitaliapublishing.com/a/49776/
|
| 910 |
|
|
|a Premium collection: 2020
|